Migración y refugio en Panamá /
Guardado en:
| Autor principal: | |
|---|---|
| Formato: | Texto |
| Materias: | |
| Etiquetas: |
Agregar Etiqueta
Sin Etiquetas, Sea el primero en etiquetar este registro!
|
MARC
| LEADER | 00000 a a2200000 04500 | ||
|---|---|---|---|
| 001 | 6944 | ||
| 003 | |||
| 040 | |||
| 100 | |a Sánchez Saavedra, Kevin Evandro | ||
| 245 | |a Migración y refugio en Panamá / |c Kevin Evandro Sánchez Saavedra | ||
| 650 | |a MIGRACION | ||
| 650 | |a REFUGIADOS | ||
| 650 | |a COLOMBIANOS | ||
| 650 | |a PANAMA | ||
| 773 | |g volumen 40, número 80; páginas 97-107 | ||
| 999 | |c 39583 |d 39583 | ||
